<?xml version="1.0" encoding="UTF-8"?><?xml-stylesheet type="text/xsl" href="static/style.xsl"?><OAI-PMH xmlns="http://www.openarchives.org/OAI/2.0/" xmlns:xsi="http://www.w3.org/2001/XMLSchema-instance" xsi:schemaLocation="http://www.openarchives.org/OAI/2.0/ http://www.openarchives.org/OAI/2.0/OAI-PMH.xsd"><responseDate>2026-04-17T01:29:30Z</responseDate><request verb="GetRecord" identifier="oai:www.recercat.cat:2117/357137" metadataPrefix="marc">https://recercat.cat/oai/request</request><GetRecord><record><header><identifier>oai:recercat.cat:2117/357137</identifier><datestamp>2025-07-22T22:02:21Z</datestamp><setSpec>com_2072_1033</setSpec><setSpec>col_2072_452951</setSpec></header><metadata><record xmlns="http://www.loc.gov/MARC21/slim" xmlns:dcterms="http://purl.org/dc/terms/" xmlns:xsi="http://www.w3.org/2001/XMLSchema-instance" xmlns:doc="http://www.lyncode.com/xoai" xsi:schemaLocation="http://www.loc.gov/MARC21/slim http://www.loc.gov/standards/marcxml/schema/MARC21slim.xsd">
   <leader>00925njm 22002777a 4500</leader>
   <datafield ind2=" " ind1=" " tag="042">
      <subfield code="a">dc</subfield>
   </datafield>
   <datafield ind2=" " ind1=" " tag="720">
      <subfield code="a">Vizcarro Carretero, David</subfield>
      <subfield code="e">author</subfield>
   </datafield>
   <datafield ind2=" " ind1=" " tag="260">
      <subfield code="c">2021-07-06</subfield>
   </datafield>
   <datafield ind2=" " ind1=" " tag="520">
      <subfield code="a">In the current era, humanity greatly relies on electricity to sustain itself. Electricity can be obtained through several methods; however, non-polluting methods are actively sought to substitute the environmentally harming traditional ones. In this context, nuclear fusion energy brings with it a promise of clean and almost unlimited energy without the drawbacks that other methods may. This, nevertheless, comes with several challenges, being one of the most relevant ones the overheating of components inside the reactor. This document presents tools for a potential solution for the stellarator type device Wendelstein 7-X, by proposing a system capable of tracking thermal events through ongoing experiments, using for this purpose the detector implemented at UPC by Rocco Clemente Bonjour in the context of his Master Thesis.</subfield>
   </datafield>
   <datafield ind2=" " ind1=" " tag="520">
      <subfield code="a">En la era actual, la humanidad depende en gran medida de la electricidad para mantenerse. La electricidad puede obtenerse por varios métodos; sin embargo, se buscan activamente métodos no contaminantes para sustituir a los tradicionales, que son perjudiciales para el medio ambiente. En este contexto, la energía de fusión nuclear promete una energía limpia y casi ilimitada sin los riesgos que acarrean otros métodos. Sin embargo, esto conlleva varios retos, siendo uno de los más relevantes el sobrecalentamiento de los componentes dentro del reactor. En este documento se presenta herramientas para una posible solución para el stellarator Wendelstein 7-X, mediante un sistema capaz de rastrear eventos térmicos a través de un experimento llevado a cabo en este reactor, utilizando para ello el detector implementado en la UPC por Rocco Clemente Bonjour en el contexto de su Tesis de Máster.</subfield>
   </datafield>
   <datafield ind2=" " ind1=" " tag="520">
      <subfield code="a">En l'era actual, la humanitat depèn en gran mesura de l'electricitat per a mantenir-se. L'electricitat es pot obtenir per diversos mètodes; així doncs, es busquen activament mètodes no contaminants per substituir els tradicionals que són perjudicials per al medi ambient. En aquest context, l'energia de fusió nuclear promet una energia neta i gairebé il·limitada sense els riscos que comporten altres mètodes. Això, no obstant, comporta diversos reptes, sent un dels més rellevants el sobreescalfament dels components que es troben dins el reactor. En aquest document es presenta eines per una solució potencial per al stellarator Wendelstein 7-X, mitjançant un sistema capaç de rastrejar esdeveniments tèrmics a través d'un experiment dut a terme en aquest reactor, utilitzant per a aquesta tasca el detector implementat a la UPC per Rocco Clemente Bonjour en el context de la seva Tesi de Màster.</subfield>
   </datafield>
   <datafield tag="653" ind2=" " ind1=" ">
      <subfield code="a">Àrees temàtiques de la UPC::Enginyeria de la telecomunicació::Processament del senyal::Processament de la imatge i del senyal vídeo</subfield>
   </datafield>
   <datafield tag="653" ind2=" " ind1=" ">
      <subfield code="a">Image processing</subfield>
   </datafield>
   <datafield tag="653" ind2=" " ind1=" ">
      <subfield code="a">Nuclear fusion</subfield>
   </datafield>
   <datafield tag="653" ind2=" " ind1=" ">
      <subfield code="a">Graph theory</subfield>
   </datafield>
   <datafield tag="653" ind2=" " ind1=" ">
      <subfield code="a">Image processing</subfield>
   </datafield>
   <datafield tag="653" ind2=" " ind1=" ">
      <subfield code="a">Nuclear fusion</subfield>
   </datafield>
   <datafield tag="653" ind2=" " ind1=" ">
      <subfield code="a">Graph theory</subfield>
   </datafield>
   <datafield tag="653" ind2=" " ind1=" ">
      <subfield code="a">Procesado de imágenes</subfield>
   </datafield>
   <datafield tag="653" ind2=" " ind1=" ">
      <subfield code="a">Fusión nuclear</subfield>
   </datafield>
   <datafield tag="653" ind2=" " ind1=" ">
      <subfield code="a">Teoria de grafos</subfield>
   </datafield>
   <datafield tag="653" ind2=" " ind1=" ">
      <subfield code="a">Grafs</subfield>
   </datafield>
   <datafield tag="653" ind2=" " ind1=" ">
      <subfield code="a">Imatges--Processament</subfield>
   </datafield>
   <datafield tag="653" ind2=" " ind1=" ">
      <subfield code="a">Fusió nuclear</subfield>
   </datafield>
   <datafield tag="653" ind2=" " ind1=" ">
      <subfield code="a">Grafs, Teoria de</subfield>
   </datafield>
   <datafield ind2="0" ind1="0" tag="245">
      <subfield code="a">Thermal image processing for plasma facing components in Wendelstein 7-X</subfield>
   </datafield>
</record></metadata></record></GetRecord></OAI-PMH>